| 000 | 01582nam0a2200421 4500 | ||
|---|---|---|---|
| 001 | RU\NLR\BIBL_A\011384843 | ||
| 005 | 20260409075230.0 | ||
| 010 |
_a978-5-9973-4127-5 _9300 |
||
| 021 |
_aRU _b2017-25945 _91926 |
||
| 035 | _a(NLR Aleph) 011384843 | ||
| 035 | _a(RuMoRGB)008851860 | ||
| 090 |
_a11421274 _c11421274 |
||
| 100 | _a20170515d2017 k y0rusy50 ca | ||
| 101 | 0 |
_arus _deng |
|
| 102 | _aRU | ||
| 105 | _aa|||z|||000zy | ||
| 200 | 1 |
_aАгрессогенный дискурс: Типология мультилингвальной вербализации агрессии _eмонография _fЛ. Р. Комалова |
|
| 210 |
_aМосква _cСпутник + _d2017 |
||
| 215 |
_a274 с. _cил. _d21 |
||
| 300 | _aНа 4-й с. обл. авт.: Комалова Л.Р. - к.филол.н. | ||
| 300 | _aРез. на англ. яз. | ||
| 320 | _aБиблиогр.: с. 249-274 (306 назв.) и в подстроч. примеч. | ||
| 320 | _aДр. работы авт. на 4-й с. обл. | ||
| 606 |
_aДискурс (лингв.) _3RU\NLR\AUTH\661418476 _92377099 |
||
| 606 | 1 |
_aВербальная агрессия _92344091 _3RU\NLR\AUTH\661400921 |
|
| 686 |
_aЮ935.132-46,0 _2rubbk |
||
| 686 |
_aЮ953.31,0 _2rubbk |
||
| 686 |
_aШ100.23,0 _2rubbk |
||
| 686 |
_aШ103.2,0 _2rubbk |
||
| 686 | 1 | _aШ100.0 | |
| 686 | 1 | _aС550.353 | |
| 686 | 1 | _aЮ935.132-47 | |
| 700 | 1 |
_aКомалова _bЛ. Р. _gЛилия Ряшитовна |
|
| 942 | _cBOOK | ||
| 980 | _aNBR | ||
| 980 | _aNB | ||